Избранные рассказы: неадаптированное издание
| 1. Verfasser: | |
|---|---|
| Zusammenfassung: | Книга на английском языке В книге представлены избранные рассказы английского писателя, лауреата Нобелевской премии Редьярда Киплинга. Все произведения даны на языке оригинала. Знакомство с оригиналами творений классиков зарубежной литературы, науки, искусства поможет сегодняшним студентам составить более точное представление о неповторимой стилистике каждого автора, а также расширит словарный запас, знания об истории языка, фразеологии. Неадаптированное издание. |
| Sprache: | Russisch Englisch |
| Veröffentlicht: |
Москва, Юрайт, 2019
|
| Schriftenreihe: | Читаем в оригинале |
| Schlagworte: | |
| Format: | MixedMaterials Buch |
| KOHA link: | https://koha.lib.tpu.ru/cgi-bin/koha/opac-detail.pl?biblionumber=342503 |
MARC
| LEADER | 00000nam0a2200000 4500 | ||
|---|---|---|---|
| 001 | 342503 | ||
| 005 | 20231102005447.0 | ||
| 010 | |a 9785534058772 | ||
| 035 | |a (RuTPU)RU\TPU\book\371625 | ||
| 090 | |a 342503 | ||
| 100 | |a 20190315d2019 m y0rusy50 ca | ||
| 101 | 0 | |a rus |a eng | |
| 102 | |a RU | ||
| 105 | |a y z 000fy | ||
| 200 | 1 | |a Избранные рассказы |d The best short stories |e неадаптированное издание |f Р. Киплинг | |
| 210 | |a Москва |c Юрайт |d 2019 | ||
| 215 | |a 218 c. | ||
| 225 | 1 | |a Читаем в оригинале | |
| 300 | |a Книга на английском языке | ||
| 330 | |a В книге представлены избранные рассказы английского писателя, лауреата Нобелевской премии Редьярда Киплинга. Все произведения даны на языке оригинала. Знакомство с оригиналами творений классиков зарубежной литературы, науки, искусства поможет сегодняшним студентам составить более точное представление о неповторимой стилистике каждого автора, а также расширит словарный запас, знания об истории языка, фразеологии. Неадаптированное издание. | ||
| 510 | 1 | |a The best short stories |z eng | |
| 606 | 1 | |a Английский язык |x Учебные руководства и пособия |x Хрестоматии, книги для чтения |2 stltpush |3 (RuTPU)RU\TPU\subj\29075 |9 52487 | |
| 606 | 1 | |a Английская литература |2 stltpush |3 (RuTPU)RU\TPU\subj\29042 |9 52454 | |
| 610 | 1 | |a художественная литература | |
| 610 | 1 | |a зарубежная литература | |
| 610 | 1 | |a лексика | |
| 610 | 1 | |a чтение | |
| 675 | |a 82 |v 4 | ||
| 686 | |a Ш143.21-923.8 |v LBC/SL-A |2 rubbk | ||
| 700 | 1 | |a Киплинг |b Р. |c английский писатель, поэт |f 1865-1936 |g Редьярд |2 stltpush |3 (RuTPU)RU\TPU\pers\18601 |9 6901 | |
| 801 | 1 | |a RU |b 63413507 |c 20190315 | |
| 801 | 2 | |a RU |b 63413507 |c 20190912 |g RCR | |
| 942 | |c BK | ||
| 959 | |a 2/20190315 |d 1 |e 359,00 |f ЧЗИЛ:1 | ||